000 00558nam a2200205Ia 4500
005 20241219011502.0
008 240331s9999 xx 000 0 und d
020 _a9068327348
020 _a0855985712
082 _bANK
_25744
_a305
245 0 _aGender and Health Policy and Practice
_bA Global Sourcebook
260 _aAmsterdam
_bKIT Publishers
_c2006
260 _aOxford
_bOxfam Publishing
_c2006
300 _a184 p.,
650 _aGender
650 _aHealth
700 _aVan der Kwaak, A
_eedt
700 _aWegelin-Schuringa, M
_eedt
942 _cL
999 _c4529
_d4529